=LDR 00000nam 2200000 4500 =001 INLIS000000000002446 =005 20130612090801 =008 ***********************************Ind** =035 ##$$0010-061300000002446 =041 ##$$a Ind =082 ##$$a 616.132 =090 ##$$a 616.132, Rab d =100 ##$$a Rab, Tabrani,H =245 ##$$a Darah tinggi bukan masalah, H.Tabrani Rab =260 ##$$a 1992 $b Jakarta =300 ##$$a 20 hlm, 19 cm =650 ##$$a Tekanan Darah Tinggi =850 ##$$a NBPNMAT